00562nam a2200145Ia 4500003000900000008004100009040003300050041000800083080001200091100001800103245017400121246007500295260003100370300001500401LK-CoDNM010623t1923 xxu||||| |||| 00| 1 sin d aLK-CoDNMdLK-CoDNMeLK-CoDNM asin a104 N 8 aDaskon, eed. aකවි අන්ද්‍රය හෙවත් කඹේ නැටීමේ සිංදු සහ උඩරට පරොහු විරිදු කීම aKavi Andraya Hevat Kambe Netime Sindu Saha Udarata Parohu Virindu Kima bVidya KalpaaKegallac1923 b13p, 21 cm